00744nam a2200217Ii 45000010005000000030009000050080041000140400033000550410008000880820015000961000017001112450030001282640066001583000012002243360026002363370028002623380027002909400050003179990017003679520142003847808CO-ViMGA241108s9999||||xx |||||||||||||| ||und|| aCO-ViMGAbspaerdacCO-ViMGA0 aunk04a867.5-L17a1 aLarra95581810aArtículos de costumbres 1a[Lugar de publicación no identificado] : Espasa Calpe, 1942 avolumen atextbtxt2rdacontent aunmediatedbn2rdamedia avolumebnc2rdacarrier aidficha_siabuc: 7633. -- ficha_no_siabuc:7808 c53513d53513 001040708001aMEVIGERRbMEVIGERRcGENd2006-11-27hVol.1o867.5-L17apECA7853r2024-11-26 10:10:08tEj.1w2024-11-26yBKz7633 | 10691